[Event "34th Chess Olympiad (women)"]
[Site "Istanbul"]
[Date "2000.10.30"]
[Round "3.31.2"]
[White "Guerrero, Alejandra"]
[Black "Murioz, Carolina"]
[WhiteElo "2171"]
[BlackElo "2000"]
[WhiteCountry "MEX"]
[BlackCountry "CRC"]
[Result "1/2-1/2"]

1. e4 c5 2. c3 Nf6 3. e5 Nd5 4. d4 cxd4 5. Nf3 Nc6 6. Bc4 Nb6 7. Bb3 d6 
8. exd6 Qxd6 9. cxd4 Be6 10. O-O Bxb3 11. Qxb3 e6 12. Nc3 Rd8 13. Bg5 Be7 
14. Nb5 Qb8 15. Bxe7 Nxe7 16. Qa3 a6 17. Nc3 Rd7 18. Ne4 O-O 19. Nc5 Rc7 
20. Ne5 Nc6 21. Qb3 Nxe5 22. Qxb6 Nd7 23. Qxe6 fxe6 
1/2-1/2

[Event "34th Chess Olympiad (women)"]
[Site "Istanbul"]
[Date "2000.10.30"]
[Round "3.31.3"]
[White "Ramirez, Karla"]
[Black "Garcia, Edith"]
[WhiteElo "2000"]
[BlackElo "2052"]
[WhiteCountry "CRC"]
[BlackCountry "MEX"]
[Result "1/2-1/2"]

1. e4 c5 2. Nc3 Nc6 3. g3 g6 4. Bg2 Bg7 5. d3 d6 6. f4 e6 7. Nf3 Nge7 
8. Be3 Nd4 9. O-O O-O 10. Rb1 Nec6 11. a3 Bd7 12. Ne2 Nxf3+ 13. Bxf3 Nd4 
14. Bg2 Ba4 15. b3 Bc6 16. Nxd4 cxd4 17. Bd2 Rc8 18. Rf2 Qd7 19. Bb4 Rfe8 
20. h4 b6 21. h5 a5 22. Be1 f5 23. hxg6 hxg6 24. b4 axb4 25. Bxb4 Rc7 
26. Bf3 Rec8 27. Qd2 Ba4 28. exf5 gxf5 29. Bd1 
1/2-1/2

[Event "34th Chess Olympiad (women)"]
[Site "Istanbul"]
[Date "2000.10.30"]
[Round "3.32.1"]
[White "Mahini, Mona"]
[Black "Mendoza, Beverly"]
[WhiteElo "2018"]
[BlackElo "2098"]
[WhiteCountry "IRI"]
[BlackCountry "PHI"]
[Result "0-1"]

1. e4 e5 2. Bc4 Nf6 3. d3 Nc6 4. c3 Be7 5. Nf3 O-O 6. O-O d6 7. Bb3 h6 
8. Nbd2 Be6 9. Re1 Kh7 10. h3 Qc8 11. Bc2 g6 12. Nf1 Nh5 13. d4 Bd7 14. Be3 f5 
15. ef5 Bf5 16. Bf5 Qf5 17. Ne5 Ne5 18. de5 Nf4 19. Ng3 Qg5 20. e6 h5 
21. Qd2 Rae8 22. Rad1 h4 23. Bf4 Rf4 24. Ne2 Ra4 25. Qc2 Ra5 26. b4 Rf5 
27. Rd4 Qf6 28. f4 d5 29. Qd2 Bd6 30. Rd5 Rd5 31. Qd5 Re6 32. Qf3 Bf4 
33. Kf1 Qe7 34. Rd1 Bd6 35. Qg4 Rf6+ 36. Kg1 Qe3+ 37. Kh1 Qe5 38. Qh4+ Kg7 
39. Rd6 Rf1+ 40. Ng1 Qd6 41. Qc4 Qf4 42. Qf4 Rf4 43. Kh2 Rf2 44. Kg3 Ra2 
45. Kf3 b6 46. Ne2 a5 47. ba5 ba5 48. Nd4 Ra3 49. Ne2 a4 50. Ke3 Rb3 51. Kd3 a3 
52. Nd4 Rb2 53. g4 a2 
0-1

[Event "34th Chess Olympiad (women)"]
[Site "Istanbul"]
[Date "2000.10.30"]
[Round "3.32.2"]
[White "Bernardo, Leah"]
[Black "Pourkashiyan, Atousa"]
[WhiteElo "2000"]
[BlackElo "2000"]
[WhiteCountry "PHI"]
[BlackCountry "IRI"]
[Result "1-0"]

1. d4 d5 2. Nf3 Nf6 3. Bf4 e6 4. e3 Be7 5. Nbd2 O-O 6. Bd3 Nbd7 7. c3 c5 
8. Qc2 Re8 9. h3 b6 10. g4 c4 11. Be2 Nf8 12. Ne5 Bb7 13. g5 N6d7 14. h4 Ne5 
15. Be5 Bd6 16. Bd6 Qd6 17. Bf3 b5 18. O-O-O Rec8 19. h5 a5 20. Rdg1 b4 
21. Nb1 Bc6 22. Bd1 Rcb8 23. f4 Rb7 24. f5 ef5 25. Qf5 Rab8 26. Rg2 a4 
27. cb4 Qb4 28. a3 Qe7 29. Qf4 Re8 30. Rh3 Qd8 31. Nc3 Qd7 32. Rf3 Reb8 
33. Rff2 Re8 34. Bc2 Reb8 35. Bf5 Qe7 36. h6 g6 37. Bg4 Nd7 38. Bd7 Bd7 
39. Nd5 Qe6 40. Nf6+ Kh8 41. Nd7 c3 42. Nb8 cb2+ 43. Rb2 Rb2 44. Rb2 Qc4+ 
45. Rc2 
1-0

[Event "34th Chess Olympiad (women)"]
[Site "Istanbul"]
[Date "2000.10.30"]
[Round "3.32.3"]
[White "Navabi, Shirin"]
[Black "Espallardo, Christine"]
[WhiteElo "2007"]
[BlackElo "2000"]
[WhiteCountry "IRI"]
[BlackCountry "PHI"]
[Result "0-1"]

1. c4 Nf6 2. Nc3 g6 3. g3 Bg7 4. Bg2 O-O 5. e4 d6 6. Nge2 e5 7. O-O Nbd7 
8. d3 c6 9. h3 a6 10. Be3 b5 11. a3 Bb7 12. f4 d5 13. cxd5 cxd5 14. exd5 Nb6 
15. fxe5 Nfxd5 16. Bd4 Nxc3 17. Bxc3 Bxg2 18. Kxg2 Qd5+ 19. Kh2 Bxe5 
20. Nf4 Qd6 21. Bb4 Qd4 22. Bxf8 Qxb2+ 23. Ng2 Rxf8 24. Qf3 Nd7 25. Qc6 Nf6 
26. Rab1 Qd4 27. Nf4 g5 28. Rb4 Qe3 29. d4 gxf4 30. dxe5 Qxg3+ 31. Kh1 Qxh3+ 
32. Kg1 Qe3+ 33. Kh1 Qh3+ 34. Kg1 Ng4 35. Rb2 Qe3+ 36. Kh1 Qh3+ 37. Kg1 Qe3+ 
38. Kh1 Qxe5 39. Rg2 h5 40. Qh6 f3 41. Rg3 Qxg3 42. Qg5+ Kh7 43. Qxh5+ Nh6 
44. Rxf3 Qe1+ 45. Kh2 Qe5+ 46. Qxe5 Ng4+ 47. Kh3 Nxe5 48. Rf6 a5 49. Rb6 b4 
50. axb4 axb4 51. Rxb4 Kg6 52. Kg3 Kg5 53. Rb5 f6 54. Rb7 Rd8 
0-1

[Event "34th Chess Olympiad (women)"]
[Site "Istanbul"]
[Date "2000.10.30"]
[Round "3.33.1"]
[White "Wiesuriya, Vineetha"]
[Black "Monterroso Ochoa, Karla"]
[WhiteElo "2000"]
[BlackElo "2000"]
[WhiteCountry "SRI"]
[BlackCountry "GUA"]
[Result "1/2-1/2"]

1. d4 Nf6 2. Nf3 d5 3. c4 e6 4. Nc3 Be7 5. Bg5 O-O 6. e3 b6 7. Bf6 Bf6 
8. cd5 ed5 9. Bd3 Be6 10. Qc2 g6 11. h4 Nd7 12. h5 Kg7 13. Ne2 c5 14. Nf4 Qe8 
15. hg6 hg6 16. Kd2 c4 17. Be2 Be7 18. Qa4 Qd8 19. Rh2 Nf6 20. Ng5 Bd7 
21. Qc2 Bb4+ 22. Kc1 Qe8 23. Qd1 Rh8 24. Rh8 Qh8 25. Bf3 
1/2-1/2

[Event "34th Chess Olympiad (women)"]
[Site "Istanbul"]
[Date "2000.10.30"]
[Round "3.33.2"]
[White "Castillo Melendez, Dina"]
[Black "Konama, Anupama"]
[WhiteElo "2071"]
[BlackElo "2000"]
[WhiteCountry "GUA"]
[BlackCountry "SRI"]
[Result "1-0"]

1. e4 e6 2. d4 d5 3. ed5 ed5 4. Bd3 Bd6 5. Nf3 Nf6 6. O-O O-O 7. h3 h6 8. c3 c6 
9. Be3 Be6 10. Nbd2 Nbd7 11. Rc1 Nb6 12. Bb1 Qc7 13. Qc2 Nc8 14. Ne5 Re8 
15. f4 Ne7 16. g4 Kf8 17. Rce1 c5 18. Qd1 Qb6 19. b3 cd4 20. cd4 Bb4 21. f5 Bc8 
22. h4 Nfg8 23. Re2 Qd6 24. Bf4 Qb6 25. Ndf3 Bd6 26. Kg2 f6 27. Nd3 Bf4 
28. Nf4 Bd7 29. Rfe1 Qd6 30. Qd2 Rac8 31. Nd3 b6 32. Nf4 Ra8 33. Ne6+ Be6 
34. Re6 Qd7 35. g5 Nc6 36. Bd3 Re6 37. fe6 Qe7 38. Qf4 Nd8 39. Qf5 Qd6 
40. h5 Ne7 41. Qh7 Ng8 42. e7+ Ne7 43. Qh8+ Ng8 44. Bh7 Ne6 45. Qg8+ 
1-0

[Event "34th Chess Olympiad (women)"]
[Site "Istanbul"]
[Date "2000.10.30"]
[Round "3.33.3"]
[White "Rathayake, Chandra"]
[Black "Martinez Porras, Ingrid"]
[WhiteElo "2000"]
[BlackElo "2104"]
[WhiteCountry "SRI"]
[BlackCountry "GUA"]
[Result "1/2-1/2"]

1. e4 e6 2. d4 d5 3. e5 c5 4. c3 Nc6 5. Nf3 Qb6 6. a3 cd4 7. cd4 Nh6 8. Bd3 Nf5 
9. Bf5 ef5 10. Nc3 Be6 11. O-O Be7 12. b4 Rc8 13. Ne2 O-O 14. Be3 a5 
15. ba5 Na5 16. Nd2 Rc7 17. Ng3 Rfc8 18. Qf3 g6 19. Ne2 Rc4 20. Nf4 Qd8 
21. Ne2 Qf8 22. Rfb1 R8c7 23. Rb5 b6 24. Rb6 g5 25. Qg3 Qg7 26. f4 g4 
27. Rb5 Ra7 
1/2-1/2

[Event "34th Chess Olympiad (women)"]
[Site "Istanbul"]
[Date "2000.10.30"]
[Round "3.34.1"]
[White "Sanli, Emine"]
[Black "Al-Rufei, Eman H"]
[WhiteElo "2000"]
[BlackElo "2031"]
[WhiteCountry "TURB"]
[BlackCountry "IRQ"]
[Result "0-1"]

1. e4 e5 2. Bc4 Nf6 3. d3 Bc5 4. Nf3 Nc6 5. O-O d6 6. c3 Be6 7. Nbd2 a6 
8. a4 O-O 9. Qe2 Ba7 10. h3 Nh5 11. d4 Nf4 12. Qd1 ed4 13. cd4 Nd4 14. Nd4 Bd4 
15. Be6 Ne6 16. Ra3 Re8 17. Nc4 b5 18. Ne3 b4 19. Rd3 Bf6 20. Nd5 Nc5 
21. Nf6+ Qf6 22. Rf3 Qg6 23. Rg3 Qe4 24. Rg4 Qd3 25. Bh6 Qd1 26. Rd1 Ne6 
27. Be3 a5 28. Rd5 g6 29. f4 f5 30. Rf5 Ng7 31. Rb5 Re3 32. Rb7 
0-1

[Event "34th Chess Olympiad (women)"]
[Site "Istanbul"]
[Date "2000.10.30"]
[Round "3.34.2"]
[White "Jamal, Jawan"]
[Black "Goler, Isil"]
[WhiteElo "2000"]
[BlackElo "2000"]
[WhiteCountry "IRQ"]
[BlackCountry "TURB"]
[Result "1/2-1/2"]

1. d4 d6 2. c4 g6 3. Nc3 Bg7 4. Nf3 Nf6 5. Bg5 O-O 6. e4 Re8 7. Be2 h6 
8. Be3 Ng4 9. h3 Ne3 10. fe3 e5 11. d5 Nd7 12. O-O Nf6 13. Rc1 b6 14. b4 a5 
15. b5 Kh7 16. Qe1 g5 17. Nh2 Rf8 18. Qg3 Bd7 19. Ng4 Ng4 20. Bg4 Bg4 
21. Qg4 Qc8 22. Rf5 f6 23. Ne2 Rf7 24. Ng3 Qd7 25. Rcf1 Raf8 26. Nh5 Qe7 
27. Ng3 Qd7 28. Qh5 Qe8 29. R5f2 Rd7 30. Qe8 Re8 31. Nh5 Rf8 32. Nf6+ Bf6 
33. Rf6 Rf6 34. Rf6 Kg7 35. Rf5 Kg6 36. g4 Re7 37. Kg2 Rd7 38. Kg3 Re7 
39. h4 Rd7 
1/2-1/2

[Event "34th Chess Olympiad (women)"]
[Site "Istanbul"]
[Date "2000.10.30"]
[Round "3.34.3"]
[White "Aydin, Nazli"]
[Black "Ameen, S."]
[WhiteElo "2000"]
[BlackElo "2152"]
[WhiteCountry "TURB"]
[BlackCountry "IRQ"]
[Result "1/2-1/2"]

1. e4 d5 2. ed5 Qd5 3. Nc3 Qa5 4. d4 Nf6 5. Nf3 Bf5 6. Bc4 e6 7. Bd2 c6 
8. Ne4 Qc7 9. Nf6+ gf6 10. Bb3 Nd7 11. Qe2 O-O-O 12. O-O-O h5 13. Kb1 Bh6 
14. Bh6 Rh6 15. Qe3 Rhh8 16. Nd2 Nb6 17. Ne4 Nd5 18. Qe1 Rhe8 19. f3 Bg6 
20. Qf2 f5 21. Nd2 f4 22. Rhe1 Ne3 23. Rc1 Qb6 24. g3 Qd4 25. Nf1 Nc2 
26. Re2 Qf2 27. Rf2 Ne3+ 28. Ka1 Nf1 29. Rcf1 fg3 30. hg3 Rd6 31. Rh2 Red8 
32. a3 Rd2 33. Rff2 R2d4 34. Bc2 Kc7 35. Re2 R8d6 36. Re5 R4d5 37. Ree2 b5 
38. Rh4 c5 39. b3 Kb6 40. a4 a6 41. Bg6 fg6 42. Rhe4 Rd1+ 43. Kb2 R1d2+ 
44. Rd2 Rd2+ 45. Kc3 Rd6 46. Re5 b4+ 47. Kc2 Kc7 48. Rg5 e5 49. Re5 Kc6 
50. Rg5 a5 51. f4 Rf6 52. Kd3 Rd6+ 53. Kc2 Rf6 54. Kd3 
1/2-1/2

[Event "34th Chess Olympiad (women)"]
[Site "Istanbul"]
[Date "2000.10.30"]
[Round "3.35.1"]
[White "Agosto, Erika"]
[Black "Gretarsdottir, Lilja"]
[WhiteElo "2036"]
[BlackElo "2000"]
[WhiteCountry "ITA"]
[BlackCountry "ISL"]
[Result "1-0"]

1. e4 d5 2. ed5 Nf6 3. d4 Nd5 4. c3 g6 5. Nf3 Bg7 6. Bd3 O-O 7. O-O Nc6 
8. Re1 Re8 9. Be4 Nb6 10. Bf4 e6 11. Na3 a6 12. Qd2 Nd5 13. Bh6 Nf6 14. Bc2 b5 
15. Bg5 Bb7 16. Qf4 Nb8 17. Ne5 Qd5 18. Be4 Qd8 19. Bb7 Ra7 20. Bc6 Rf8 
21. Qh4 Ra8 
1-0

[Event "34th Chess Olympiad (women)"]
[Site "Istanbul"]
[Date "2000.10.30"]
[Round "3.35.2"]
[White "Kristinsdottir, A"]
[Black "Arnetta, Marianna"]
[WhiteElo "2025"]
[BlackElo "2081"]
[WhiteCountry "ISL"]
[BlackCountry "ITA"]
[Result "0-1"]

1. c4 e6 2. Nf3 Nf6 3. d4 d5 4. Nc3 Be7 5. Bg5 Nbd7 6. e3 O-O 7. Rc1 b6 
8. cd5 ed5 9. Bd3 h6 10. Bf4 c6 11. O-O Bb7 12. Bb1 Re8 13. Qc2 Nf8 14. Ne5 Bd6 
15. h3 Rc8 16. Nd3 Ne6 17. Be5 Nf8 18. Rfe1 c5 19. Bd6 Qd6 20. dc5 bc5 
21. Nb5 Qb6 22. Na3 N6d7 23. Nf4 Ne5 24. Qd2 Red8 25. Red1 d4 26. Nd3 de3 
27. Qe3 Nd3 28. Bd3 Qc6 29. f3 Qf6 30. Nc4 Ba6 31. b3 Ne6 32. Ne5 Bd3 
33. Nd3 Qd4 34. Kf2 Qh4+ 35. Kf1 c4 36. Ne5 Rd1+ 37. Rd1 cb3 38. ab3 Rc2 
39. Ng4 Qg3 40. Rc1 Qg2+ 41. Ke1 Qh1+ 
0-1

[Event "34th Chess Olympiad (women)"]
[Site "Istanbul"]
[Date "2000.10.30"]
[Round "3.35.3"]
[White "Sirletti, Sonia"]
[Black "Larusdottir, Aldis"]
[WhiteElo "2000"]
[BlackElo "2000"]
[WhiteCountry "ITA"]
[BlackCountry "ISL"]
[Result "1/2-1/2"]

1. d4 d5 2. c4 c6 3. Nf3 Nf6 4. Nc3 dc4 5. a4 Bf5 6. e3 Nbd7 7. Bc4 e6 
8. O-O Be7 9. Qe2 Ne4 10. Rd1 O-O 11. Bd3 Nc3 12. bc3 Bd3 13. Rd3 Qc7 
14. e4 Rfe8 15. e5 Nb6 16. Qe4 f5 17. ef6 Bf6 18. Bf4 Qe7 19. Ne5 Be5 
20. Be5 Nd7 21. Rh3 g6 22. Re1 Ne5 23. Qe5 Qg7 24. Rhe3 Qe5 25. Re5 Kf7 
26. g3 Rab8 27. a5 b6 28. Ra1 Re7 29. Re2 b5 30. Re5 a6 31. Rae1 b4 32. Rb1 b3 
33. Rc5 Rc7 34. Kf1 b2 35. Ke2 Ke7 36. Kd2 Kd6 37. Kc2 Rcb7 38. Rc4 Rb5 
39. Ra4 Rf8 40. f4 Rff5 41. Rb2 Ra5 42. Rba2 Ra4 43. Ra4 a5 44. c4 h6 
45. Kd3 g5 46. fg5 Rg5 47. c5+ Kd5 48. Ra5 Rg4 49. Ra4 e5 50. Ra8 Rd4+ 
51. Ke3 Kc5 52. Rh8 Rd6 53. Ke4 Re6 54. h3 
1/2-1/2

[Event "34th Chess Olympiad (women)"]
[Site "Istanbul"]
[Date "2000.10.30"]
[Round "3.36.1"]
[White "Zepeda, Sonia"]
[Black "Hassan, Amina"]
[WhiteElo "2046"]
[BlackElo "2000"]
[WhiteCountry "ESA"]
[BlackCountry "UAE"]
[Result "1-0"]

1. e4 e5 2. Bc4 Bc5 3. Nf3 Nc6 4. c3 Nf6 5. Qe2 O-O 6. Bb3 d5 7. d3 h6 
8. Nbd2 Be6 9. h3 Qd7 10. Nf1 Rad8 11. Bc2 Rfe8 12. g4 Nh7 13. Ng3 Be7 
14. Nf5 Bf5 15. gf5 Bf6 16. Rg1 Kf8 17. Nh2 de4 18. de4 Bg5 19. Bg5 Ng5 
20. Rd1 Qe7 21. Qg4 Qf6 22. h4 Nh7 23. Nf1 Ne7 24. Qh5 Rd1+ 25. Bd1 Qc6 
26. Nd2 Nf6 27. Qf3 Rd8 28. Bc2 Qd7 29. Nf1 Qb5 30. b3 Nc8 31. Qg3 Ne8 
32. a4 Qc5 33. b4 Qd6 34. Qe3 Nb6 35. Qd2 Qd2+ 36. Nd2 Nd6 37. Bb3 Nd7 
38. Ke2 a6 39. Ke3 c5 40. Rd1 Ke7 41. f4 cb4 42. cb4 Rc8 43. fe5 Ne5 
44. Bd5 Ng4+ 45. Kd4 Nf6 46. Bb3 Nd7 47. Rg1 Rg8 48. Nc4 Nc4 49. Bc4 Kf6 
50. Bd5 Rb8 51. Rc1 Ne5 52. Rc7 b5 53. a5 Rd8 54. Kc3 Rd7 55. Rd7 Nd7 
56. Kd4 Ke7 57. Bb7 Nb8 58. Kc5 Kd8 59. Kd6 g5 60. fg6 fg6 61. e5 
1-0

[Event "34th Chess Olympiad (women)"]
[Site "Istanbul"]
[Date "2000.10.30"]
[Round "3.36.2"]
[White "Hussain, Noora"]
[Black "Pastor, Tahnya"]
[WhiteElo "2000"]
[BlackElo "2000"]
[WhiteCountry "UAE"]
[BlackCountry "ESA"]
[Result "1-0"]

1. e4 c5 2. c3 d5 3. ed5 Qd5 4. d4 g6 5. Nf3 Bg7 6. Be2 cd4 7. cd4 Nf6 
8. Nc3 Qd8 9. O-O O-O 10. h3 Nc6 11. Be3 b6 12. Qd2 Re8 13. Bb5 Bb7 14. d5 Nb8 
15. Be8 Qe8 16. Rfd1 Na6 17. d6 Rd8 18. Bh6 Rd6 19. Qg5 Nc5 20. Bg7 Kg7 
21. Qf4 Ne6 22. Qb4 Qc6 23. Rd6 ed6 24. Rd1 Ng5 25. Qf4 Nge4 26. Ne4 Ne4 
27. Ng5 Nc3 28. Qf7+ Kh6 29. Qf8+ Kg5 30. f4+ 
1-0

[Event "34th Chess Olympiad (women)"]
[Site "Istanbul"]
[Date "2000.10.30"]
[Round "3.36.3"]
[White "Nayda, Avalos"]
[Black "Hassan, Jawaher"]
[WhiteElo "2000"]
[BlackElo "2000"]
[WhiteCountry "ESA"]
[BlackCountry "UAE"]
[Result "1/2-1/2"]

1. e4 e5 2. Nf3 Nc6 3. Bb5 Nge7 4. Nc3 g6 5. h4 h6 6. h5 g5 7. d4 ed4 
8. Nd4 Bg7 9. Be3 O-O 10. Qd2 d5 11. ed5 Nd5 12. Nc6 bc6 13. Bc6 Ne3 
14. Ba8 Qd2+ 15. Kd2 Nc4+ 16. Kc1 Be6 17. Bf3 Nb2 18. Kb2 Rb8+ 19. Kc1 Bc3 
20. Rb1 Bb4 21. a4 Ba3+ 22. Kd2 Bb4+ 23. Kc1 Ba3+ 24. Kd2 Bb4+ 25. Kc1 Ba3+ 
1/2-1/2

[Event "34th Chess Olympiad (women)"]
[Site "Istanbul"]
[Date "2000.10.30"]
[Round "3.37.1"]
[White "Mendes, Alves"]
[Black "Pacheco, Hilzandryly"]
[WhiteElo "2000"]
[BlackElo "2000"]
[WhiteCountry "ANG"]
[BlackCountry "PUR"]
[Result "0-1"]

1. e4 d5 2. ed5 Nf6 3. Nc3 Nd5 4. Nd5 Qd5 5. Nf3 Bg4 6. Be2 Nc6 7. c3 e5 
8. h3 Bf5 9. d3 O-O-O 10. c4 Bb4+ 11. Bd2 Qd6 12. Bb4 Nb4 13. Ng5 Nd3+ 
14. Bd3 Qb4+ 15. Qd2 Qd2+ 16. Kd2 Rd3+ 17. Ke2 f6 18. Nf3 e4 19. Ne1 Rd4 
20. b3 Rhd8 21. Ke3 Rd2 22. Rf1 Rb2 23. f3 Rdd2 24. fe4 Re2+ 25. Kf4 Be4 
26. g4 Bb1 27. Nf3 g5+ 28. Ng5 fg5+ 29. Kg5 Bg6 30. Rad1 Rbd2 31. Rd2 Rd2 
32. h4 Ra2 33. h5 Ra5+ 34. Kh4 Bc2 35. Rf3 Ra3 36. Rf8+ Kd7 37. b4 Re3 
38. Rf7+ Re7 39. Rf4 Re4 40. Rf7+ Kd6 41. c5+ Kc6 42. Kg5 Rb4 
0-1

[Event "34th Chess Olympiad (women)"]
[Site "Istanbul"]
[Date "2000.10.30"]
[Round "3.37.2"]
[White "Martinez, Natiska"]
[Black "Afonso, Vieira"]
[WhiteElo "2000"]
[BlackElo "2000"]
[WhiteCountry "PUR"]
[BlackCountry "ANG"]
[Result "1/2-1/2"]

1. d4 d5 2. e3 Nf6 3. Bd3 e6 4. Nd2 g6 5. f4 Bg7 6. Ngf3 Nbd7 7. O-O O-O 
8. b3 c6 9. Ne5 Ne5 10. fe5 Nd7 11. Qf3 Qe7 12. a4 c5 13. Ba3 b6 14. Bb5 f6 
15. Bd7 Bd7 16. ef6 Bf6 17. Qe2 Rac8 18. c3 Qg7 19. Rac1 Be7 20. Rf8+ Bf8 
21. Rf1 cd4 22. Rf8+ Rf8 23. Bf8 Qf8 24. ed4 Qa3 25. Kf2 Qf8+ 26. Qf3 Qf3+ 
27. Nf3 Kg7 28. g4 h6 29. h3 Be8 30. Ke3 g5 31. Ne5 Kf6 32. Kd2 Ke7 33. Kd3 a6 
34. Kc2 Kf6 35. Kd3 Ke7 36. Ke3 
1/2-1/2

[Event "34th Chess Olympiad (women)"]
[Site "Istanbul"]
[Date "2000.10.30"]
[Round "3.37.3"]
[White "Zangata, Fatima"]
[Black "Perez, Dolimar"]
[WhiteElo "2000"]
[BlackElo "2000"]
[WhiteCountry "ANG"]
[BlackCountry "PUR"]
[Result "0-1"]

1. e4 e5 2. Nf3 Nc6 3. Bd3 Bc5 4. O-O Nf6 5. Nc3 d5 6. Re1 d4 7. Na4 Be7 
8. Bc4 a6 9. Ng5 O-O 10. b4 b5 11. Nf7 Rf7 12. Bf7+ Kf7 13. Nc5 Nb4 14. c3 Nc6 
15. Qb3+ Ke8 16. Nd3 dc3 17. Qc3 Qd6 18. f4 Qd4+ 19. Qd4 Nd4 20. fe5 Nc2 
21. Bb2 Ne1 22. Re1 Nd7 23. e6 Nf6 24. Nf4 Bb7 25. e5 Nd5 26. Nh5 g6 
27. Nf6+ Kf8 28. Nh7+ Kg7 29. Nf6 Nf6 30. ef6+ Bf6 31. e7 Re8 32. Ba3 Kf7 
33. Rf1 Ke6 34. Re1+ Kd7 35. Rf1 Be7 36. Rf7 Ke6 37. Rf2 
0-1

[Event "34th Chess Olympiad (women)"]
[Site "Istanbul"]
[Date "2000.10.30"]
[Round "3.38.1"]
[White "Smith, Vivian"]
[Black "Lai, Xiaoqing"]
[WhiteElo "2000"]
[BlackElo "2000"]
[WhiteCountry "NZL"]
[BlackCountry "JPN"]
[Result "0-1"]

1. e4 c5 2. Nc3 d6 3. f4 e6 4. Nf3 a6 5. a4 Nc6 6. g3 Nf6 7. d3 Be7 8. Bg2 Qb6 
9. Bd2 O-O 10. a5 Qc7 11. O-O Rb8 12. Ne2 b6 13. ab6 Qb6 14. Kh1 Qb2 
15. Nc3 Qb6 16. Rb1 Qc7 17. h3 Rb1 18. Qb1 Bd7 19. Qa1 Nb4 20. Ne1 Rb8 
21. g4 Bc6 22. Qd1 d5 23. e5 Nd7 24. g5 g6 25. Qg4 a5 26. h4 a4 27. Bc1 Nf8 
28. Ne2 Na2 29. Ba3 Rb1 30. d4 Bb5 31. Nd3 Rf1+ 32. Bf1 Bd3 33. cd3 cd4 
34. Be7 Qe7 35. Nd4 Qc5 36. Ne2 Qf2 37. Qh3 d4 38. Qg2 Qg2+ 39. Kg2 Nb4 
40. Nd4 a3 41. Nb3 Nc2 42. Be2 a2 43. Kf2 Nd7 44. Bd1 Nc5 
0-1

[Event "34th Chess Olympiad (women)"]
[Site "Istanbul"]
[Date "2000.10.30"]
[Round "3.38.2"]
[White "Watai, Miyoko"]
[Black "Mikhailik, Eleonora"]
[WhiteElo "2000"]
[BlackElo "2000"]
[WhiteCountry "JPN"]
[BlackCountry "NZL"]
[Result "1/2-1/2"]

1. d4 Nf6 2. Nf3 e6 3. e3 d5 4. Bd3 c5 5. c3 c4 6. Bc2 Nc6 7. Nbd2 Bd6 
8. O-O O-O 9. e4 de4 10. Ne4 Ne4 11. Be4 Qc7 12. Qe2 b5 13. h3 Bb7 14. Bd2 h6 
15. Rfe1 Rae8 16. Nh4 Qd7 17. Qh5 Nd8 18. Bc2 Be7 19. Qg4 Bh4 20. Qh4 f5 
21. Qg3 Rf6 22. Bf4 Qf7 23. Qe3 g5 24. Be5 Rg6 25. Bd1 f4 26. Qd2 f3 
27. Bc2 fg2 28. Bg6 Qg6 29. Re3 Rf8 30. Rae1 Rf3 31. Rf3 Bf3 32. Bg3 Bd5 
33. Qe2 Nf7 34. f3 Qf5 35. Kg2 g4 36. hg4 Qg4 37. Kf2 Qg6 38. Rg1 Ng5 
39. Kf1 Nf3 40. Rg2 Kh7 41. Be5 Ng5 42. Rg1 Qf5+ 43. Qf2 Qf2+ 44. Kf2 Nh3+ 
45. Kf1 Ng1 46. Kg1 Kg6 47. Kf2 Kf5 48. Kg3 Ke4 49. Bd6 Kd3 50. a4 ba4 
51. Kh4 Bf3 52. Kg3 Ke4 53. Ba3 h5 54. Bb4 
1/2-1/2

[Event "34th Chess Olympiad (women)"]
[Site "Istanbul"]
[Date "2000.10.30"]
[Round "3.38.3"]
[White "Courtney, Helen"]
[Black "Nakagawa, Emiko"]
[WhiteElo "2000"]
[BlackElo "2000"]
[WhiteCountry "NZL"]
[BlackCountry "JPN"]
[Result "1/2-1/2"]

1. d4 Nf6 2. c4 e6 3. Nc3 d5 4. Nf3 Be7 5. e3 O-O 6. cd5 ed5 7. Bd3 c6 
8. h3 Nbd7 9. O-O b6 10. b3 Bb7 11. Bb2 c5 12. Rc1 Ne4 13. Bb1 Ndf6 14. dc5 Bc5 
15. Nd4 g6 16. Ne4 Ne4 17. Be4 de4 18. Qg4 f5 19. Qe2 Qe7 20. Qc4+ Rf7 
21. Rfd1 Rc8 22. Qe6 Qe8 23. Qe8+ Re8 24. Ne2 Bf8 25. Nf4 Bg7 26. Bg7 Kg7 
27. Rd6 Ree7 28. Ne6+ Kh6 29. Nd8 Rg7 30. Nb7 Rb7 31. Rcc6 Rbc7 32. Kf1 Rc6 
33. Rc6 Rd7 34. Ke2 Kg7 35. a4 Kf7 36. b4 Ke7 37. f3 Rd6 38. Rc7+ Rd7 
39. Rc6 Rd6 40. Rc7+ Rd7 41. Rc6 
1/2-1/2

[Event "34th Chess Olympiad (women)"]
[Site "Istanbul"]
[Date "2000.10.30"]
[Round "3.39.1"]
[White "Al -Jindi, Nibal"]
[Black "Connolly, Suzanne"]
[WhiteElo "2000"]
[BlackElo "2105"]
[WhiteCountry "SYR"]
[BlackCountry "IRL"]
[Result "1/2-1/2"]

1. e4 c6 2. d4 d5 3. Nc3 de4 4. Ne4 Bf5 5. Ng3 Bg6 6. h4 h6 7. Nf3 Nd7 
8. h5 Bh7 9. Qd3 e6 10. Bf4 Qa5+ 11. Nd2 Ngf6 12. Qb3 Qb4 13. Qb4 Bb4 
14. c3 Be7 15. Nc4 O-O 16. O-O-O b5 17. Be5 Bd6 18. Nd6 Nb6 19. Nge4 Ne4 
20. Ne4 Rad8 
1/2-1/2

[Event "34th Chess Olympiad (women)"]
[Site "Istanbul"]
[Date "2000.10.30"]
[Round "3.39.2"]
[White "O`Siochru, Mairead"]
[Black "Khalifeh, Diana"]
[WhiteElo "2000"]
[BlackElo "2000"]
[WhiteCountry "IRL"]
[BlackCountry "SYR"]
[Result "1/2-1/2"]

1. e4 e6 2. d4 d5 3. ed5 ed5 4. c4 Be6 5. cd5 Bd5 6. Nc3 Nf6 7. Nd5 Qd5 
8. Nf3 Bb4+ 9. Bd2 Bd2+ 10. Qd2 O-O 11. Be2 Nc6 12. O-O Rad8 13. Rfd1 Rfe8 
14. b3 Ne4 15. Qb2 Qa5 16. Rac1 Nb4 17. a3 Nd5 18. b4 Qb6 19. Bc4 Nef6 
1/2-1/2

[Event "34th Chess Olympiad (women)"]
[Site "Istanbul"]
[Date "2000.10.30"]
[Round "3.39.3"]
[White "Mir Mahmoud, Afamia"]
[Black "Quinn, Deborah"]
[WhiteElo "2000"]
[BlackElo "2000"]
[WhiteCountry "SYR"]
[BlackCountry "IRL"]
[Result "1/2-1/2"]

1. d4 Nf6 2. Nf3 g6 3. c4 Bg7 4. Nc3 O-O 5. e4 d6 6. Be2 Na6 7. O-O c5 
8. d5 Nc7 9. Ne1 Nfe8 10. Be3 e5 11. Qd2 f5 12. f3 f4 13. Bf2 g5 14. a3 h5 
15. b4 b6 16. Nd3 g4 17. Rfd1 Qg5 18. bxc5 bxc5 19. Nxc5 Rf6 20. Nd3 Rg6 
21. Kh1 Nf6 22. Ne1 h4 23. Bf1 g3 24. Bg1 gxh2 25. Bf2 Nh5 26. Ne2 Ba6 
27. Qb4 Ng3+ 28. Bxg3 fxg3 29. Qc3 Rc8 30. Rac1 Ne8 31. Qb3 Bh6 32. Rc3 Qd2 
1/2-1/2

[Event "34th Chess Olympiad (women)"]
[Site "Istanbul"]
[Date "2000.10.30"]
[Round "3.40.1"]
[White "Tan, Winnie"]
[Black "Mudongo, Boikhutso"]
[WhiteElo "2000"]
[BlackElo "2000"]
[WhiteCountry "SIN"]
[BlackCountry "BOT"]
[Result "1-0"]

1. e4 c5 2. Nf3 d6 3. Be2 a6 4. O-O Nc6 5. c3 Nf6 6. d4 Ne4 7. d5 Nb8 
8. Qa4+ Nd7 9. Qe4 Nf6 10. Qd3 Bd7 11. Re1 e6 12. de6 Be6 13. Bd1 Be7 
14. Ng5 Bd5 15. c4 Be6 16. Nc3 O-O 17. Bc2 g6 18. Qh3 Re8 19. Nd5 Bd5 
20. cd5 b5 21. Bd2 b4 22. Re4 h5 23. Qf3 Rf8 24. Rf4 Rb8 25. Ba4 Kg7 26. Bc6 a5 
27. Re1 Qc7 28. Qe2 Bd8 29. Bc1 Nd5 30. Rf7+ 
1-0

[Event "34th Chess Olympiad (women)"]
[Site "Istanbul"]
[Date "2000.10.30"]
[Round "3.40.2"]
[White "Lopang, Tshepiso"]
[Black "Xu, Yaping"]
[WhiteElo "2000"]
[BlackElo "2000"]
[WhiteCountry "BOT"]
[BlackCountry "SIN"]
[Result "1-0"]

1. d4 Nf6 2. e3 e6 3. f4 c5 4. c3 b6 5. Bd3 Bb7 6. Nf3 Be7 7. O-O O-O 8. Ng5 h6 
9. Nf3 d6 10. Nbd2 cxd4 11. cxd4 d5 12. Ne5 Nbd7 13. Ndf3 Rc8 14. Nxd7 Nxd7 
15. Rf2 Nf6 16. g3 Ne4 17. Rg2 f5 18. Ne5 Bd6 19. Bxe4 Bxe5 20. Bd3 Bf6 
21. g4 Be7 22. gxf5 exf5 23. Qh5 Qe8 24. Qxh6 Bg5 25. Rxg5 Rxc1+ 26. Kf2 Rc7 
27. Rg2 Rff7 28. Bxf5 Qb5 29. Rxg7+ Rxg7 30. Be6+ Kf8 31. Qh8+ 
1-0